000 00200 a2200097 4500
001 42510
100 _amccoy G.A
245 _aIrish battles
260 _aNew York
_bLongman
_c
090 _c26423
_d26423
942 _aNUST-CAE
_cM
_c18251
999 _c277583
_d277583